Entry Personal Name
Number of records used in: 4
001 - CONTROL NUMBER
003 - CONTROL NUMBER IDENTIFIER
005 - DATE AND TIME OF LATEST TRANSACTION
- control field:
20191112135157.0
008 - FIXED-LENGTH DATA ELEMENTS
- fixed length control field:
830202n| azannaab |a aaa
010 ## - LIBRARY OF CONGRESS CONTROL NUMBER
- LC control number:
n 82142343
040 ## - CATALOGING SOURCE
- Original cataloging agency:
DLC
- Language of cataloging:
eng
- Description conventions:
rda
- Transcribing agency:
DLC
- Modifying agency:
DLC
046 ## - SPECIAL CODED DATES
100 10 - HEADING--PERSONAL NAME
- Personal name:
Bakshi, S. R.
- Fuller form of name:
(Shiri Ram),
- Dates associated with a name:
1935-
378 ## - FULLER FORM OF PERSONAL NAME
- Fuller form of personal name:
Shiri Ram
400 10 - SEE FROM TRACING--PERSONAL NAME
- Control subfield:
nna
- Personal name:
Bakshi, Shiri Ram,
- Dates associated with a name:
1935-
400 00 - SEE FROM TRACING--PERSONAL NAME
- Personal name:
Shiri Ram Bakshi,
- Dates associated with a name:
1935-
670 ## - SOURCE DATA FOUND
- Source citation:
His British diplomacy and ...
670 ## - SOURCE DATA FOUND
- Source citation:
Information from 678 converted Dec. 18, 2014
- Information found:
(Ph. D.)